Scientific Indian (Record no. 9417)

MARC details
000 -LEADER
fixed length control field 00566cam a2200217ua 4500
001 - CONTROL NUMBER
control field 10439
005 - DATE AND TIME OF LATEST TRANSACTION
control field 20260515114625.0
008 - FIXED-LENGTH DATA ELEMENTS--GENERAL INFORMATION
fixed length control field 190220n ii |||gr||||Z||||||eng
020 ## - INTERNATIONAL STANDARD BOOK NUMBER
International Standard Book Number 9780143416876
040 ## - CATALOGING SOURCE
Transcribing agency MAIN
041 ## - LANGUAGE CODE
Language code of text/sound track or separate title eng
082 ## - DEWEY DECIMAL CLASSIFICATION NUMBER
Classification number 828
100 ## - MAIN ENTRY--PERSONAL NAME
Personal name APJ Abdul Kalam,
Relator term Author.
245 ## - TITLE STATEMENT
Title Scientific Indian
Statement of responsibility, etc. a twenty first century guide to the World around us
250 ## - EDITION STATEMENT
Edition statement 1st ed.
260 ## - PUBLICATION, DISTRIBUTION, ETC.
Place of publication, distribution, etc. Gurgaon:
Name of publisher, distributor, etc. Penguin books,
Date of publication, distribution, etc. 2011.
300 ## - PHYSICAL DESCRIPTION
Extent 222p.
653 ## - INDEX TERM--UNCONTROLLED
Uncontrolled term English miscellaneous writings
700 ## - ADDED ENTRY--PERSONAL NAME
Personal name YS Rajan,
Relator term Author.
942 ## - ADDED ENTRY ELEMENTS (KOHA)
Koha item type Books
Holdings
Withdrawn status Lost status Damaged status Not for loan Home library Current library Shelving location Date acquired Total checkouts Full call number Barcode Date last seen Copy number Price effective from Koha item type
        Naharkatiya College Library Naharkatiya College Library General stacks 09/19/2020   828 | KAL 24128 09/19/2020 1 09/19/2020 Books